|
|
|
|
| LEADER |
00000cab a2200000 a 4500 |
| 001 |
vtls001501595 |
| 003 |
SK-MaSNL |
| 005 |
20260303223630.0 |
| 008 |
050224c19970705xo r0 0 b0slo |
| 035 |
|
|
|a SPKCL4253
|
| 040 |
|
|
|a SPKCL
|b slo
|c SNKBUCL
|d ÚIP-SPK(KG)
|e AACR2
|
| 041 |
0 |
|
|a slo
|
| 044 |
|
|
|a xo
|c SK
|
| 080 |
|
|
|a 372.893:371.671.11
|2 1981
|
| 100 |
1 |
|
|a Janek, Jozef,
|d 1912-1999
|4 aut
|9 38567
|
| 245 |
1 |
0 |
|a Záslužná práca - ale len začiatok
|b Ad: Nová učebnica dejepisu Slovensko v novom storočí
|c Jozef Janek
|
| 520 |
|
|
|a Recenzia učebnice Dejepis 4 - Slovensko v novom štáte.
|
| 650 |
0 |
7 |
|a dejepis
|2 SNKPH
|9 4288
|
| 650 |
0 |
7 |
|a učebnice
|2 SNKPH
|9 74147
|
| 650 |
0 |
7 |
|a základné školy
|2 SNKPH
|9 1280
|
| 655 |
|
7 |
|a recenzie
|2 snkbucl
|9 21907
|
| 773 |
1 |
|
|t Slovenská republika
|g 7.5. 1997, s. 9
|
| 787 |
0 |
8 |
|i Rec.:
|a Kamenec, Ivan, 1938-
|t Dejepis 4 - Slovensko v novom štáte
|d Bratislava : SPN, 1997
|
| 787 |
0 |
8 |
|i Rec.:
|a Kováč, Dušan
|t Dejepis 4 - Slovensko v novom štáte
|d Bratislava : SPN, 1997
|
| 787 |
0 |
8 |
|i Rec.:
|a Kratochvíl, Viliam
|t Dejepis 4 - Slovensko v novom štáte
|d Bratislava : SPN, 1997
|
| 850 |
|
|
|a Slovenská pedagogická knižnica Bratislava
|
| 852 |
|
|
|a SPKCL
|b KIS3GCP
|b 000710000
|n SK
|
| 999 |
|
|
|c 2248653
|d 2250583
|